Top 50 most streamed xxxtentacion songs - Statistics

General Stats
  • This quiz has been taken 10 times
  • The average score is 20 of 50
Answer Stats
Album Answer % Correct
? (2018) SAD!
100%
17 (2017) Everybody Dies In Their Nightmares
80%
? (2018) going down!
80%
17 (2017) Jocelyn Flores
80%
? (2018) Moonlight
80%
17 (2017) Revenge
80%
? (2018) the remedy for a broken heart (why am I so in love)
80%
SKINS (2018) BAD!
60%
17 (2017) Fuck Love
60%
? (2018) Hope
60%
Revenge (2017) Look At Me!
60%
Revenge (2017) RIP Roach
60%
You Will Regret (2018) Take A Step Back*
60%
single (2014/2022) vice city
60%
Bad Vibes Forever (2019) bad vibes forever
40%
Members Only, Vol. 3 (2017) Curse
40%
Tha Carter V (2018) Don't Cry*
40%
Come Over When You're SoberPt. 2 (2018) Falling Down*
40%
? (2018) Floor 555
40%
? (2018) I don't even speak spanish lol
40%
? (2018) infinity (888)
40%
Revenge (2017) King
40%
Members Only, Vol. 3 (2017) Off the Wall!
40%
single (2015) Riot
40%
Members Only, Vol. 4 (2019) Sauce!
40%
Spider-Man: Into the spider-versesoundtrack (2018) Scared of the dark*
40%
SKINS (2018) whoa (mind in awe)
40%
Revenge (2017) YuNg BrAtZ
40%
single (2017) Again*
20%
A GHETTO CHRISTMAS CAROL - EP(2017) A GHETTO CHRISTMAS CAROL
20%
? (2018) ALONE, PART 3
20%
single (2018) Arms around you
20%
Bad Vibes Forever (2019) ATTENTION!
20%
? (2018) before I close my eyes
20%
17 (2017) Carry On
20%
? (2018) changes
20%
17 (2017) Dead Inside (Interlude)
20%
17 (2017) Depression & Obsession
20%
Bad Vibes Forever (2019) Ex Bitch
20%
single (2017) Gospel*
20%
SKINS (2018) Guardian angel
20%
SKINS (2018) I don't let go
20%
Revenge (2017) I Don't Wanna Do This Anymore
20%
TrapStar Turnt PopStar (2019) MIDDLE CHILD*
20%
? (2018) NUMB
20%
17 (2017) Orlando
20%
Project Baby 2 (2017) Roll In Peace*
20%
17 (2017) Save Me
20%
DONDA 2 (2022/2025) True Love*
20%
SKINS (2018) what are you so afraid of
20%
No matching quizzes found
Score Distribution
Percent of People with Each Score
Percentile by Number Answered
Your Score History
You have not taken this quiz